Corporate laws (Record no. 10917)
[ view plain ]
| 000 -LEADER | |
|---|---|
| fixed length control field | 00498cam a2200193ua 4500 |
| 001 - CONTROL NUMBER | |
| control field | 12170 |
| 005 - DATE AND TIME OF LATEST TRANSACTION | |
| control field | 20260515114838.0 |
| 008 - FIXED-LENGTH DATA ELEMENTS--GENERAL INFORMATION | |
| fixed length control field | 200226n ii |||gr||||Z||||||eng |
| 020 ## - INTERNATIONAL STANDARD BOOK NUMBER | |
| International Standard Book Number | 9789389713213 |
| 040 ## - CATALOGING SOURCE | |
| Transcribing agency | MAIN |
| 082 ## - DEWEY DECIMAL CLASSIFICATION NUMBER | |
| Classification number | 346.07 |
| 100 ## - MAIN ENTRY--PERSONAL NAME | |
| Personal name | Joy Dhingra, |
| Relator term | Author. |
| 245 ## - TITLE STATEMENT | |
| Title | Corporate laws |
| Statement of responsibility, etc. | By Joy Dhingra and others |
| 260 ## - PUBLICATION, DISTRIBUTION, ETC. | |
| Place of publication, distribution, etc. | New Delhi: |
| Name of publisher, distributor, etc. | Kalyani publishers, |
| Date of publication, distribution, etc. | 2020. |
| 653 ## - INDEX TERM--UNCONTROLLED | |
| Uncontrolled term | Private law |
| 700 ## - ADDED ENTRY--PERSONAL NAME | |
| Personal name | K C Garg, |
| Relator term | Author. |
| 700 ## - ADDED ENTRY--PERSONAL NAME | |
| Personal name | Vijay Gupta, |
| Relator term | Author. |
| 942 ## - ADDED ENTRY ELEMENTS (KOHA) | |
| Koha item type | Books |
| Withdrawn status | Lost status | Damaged status | Not for loan | Home library | Current library | Shelving location | Date acquired | Total checkouts | Full call number | Barcode | Date last seen | Date last checked out | Copy number | Price effective from | Koha item type |
|---|---|---|---|---|---|---|---|---|---|---|---|---|---|---|---|
| Naharkatiya College Library | Naharkatiya College Library | General stacks | 09/19/2020 | 7 | 346.07Corporate laws | DHI | 28316 | 04/10/2023 | 03/25/2023 | 1 | 09/19/2020 | Books |